000 00360nam a2200145Ia 4500
008 230711s9999||||xx |||||||||||||| ||und||
041 _aENG
082 _a5
_bDE-S
100 _aDeshpande,PS
245 0 _aSQL & PL/SQL for oracle 10g black book
250 _a1st . Ed.
260 _c2007
_aNew Delhi
_bDream Tech
650 _aComputer Engineering
942 _cBK
999 _c4847
_d4847